Changing priorities in investor decision-making (Record no. 116248)
[ view plain ]
| 000 -LEADER | |
|---|---|
| fixed length control field | 01084cam a22002415a 4500 |
| 001 - CONTROL NUMBER | |
| control field | L160159 |
| 008 - FIXED-LENGTH DATA ELEMENTS--GENERAL INFORMATION | |
| fixed length control field | 180905s2018 xxk f 000 0 eng d |
| 035 ## - SYSTEM CONTROL NUMBER | |
| System control number | (Sirsi) u160159 |
| 041 0# - LANGUAGE CODE | |
| Language code of text/sound track or separate title | eng |
| 100 1# - MAIN ENTRY--PERSONAL NAME | |
| Personal author | Jackson, Cath |
| 245 00 - TITLE STATEMENT | |
| Title | Changing priorities in investor decision-making |
| Subtitle | the sustainability agenda |
| Medium | [electronic resources] |
| 260 ## - PUBLICATION INFORMATION | |
| Place of publication | London |
| Publisher | RICS |
| Date | 2018 |
| 490 #0 - SERIES TITLE | |
| Series statement | RICS Research |
| 520 ## - ABSTRACT | |
| Abstract | Examines the importance placed on environmental sustainability in the decision-making process of UK fund managers when making property investments. It also investigates if green premia for sustainable buildings exist, and the compatibility of environmental sustainable and financial objectives. |
| 590 ## - LOCAL NOTE (RLIN) | |
| Local note | KA |
| 650 24 - KEYWORDS | |
| Keywords | FUND MANAGEMENT |
| 651 #4 - SUBJECT ADDED ENTRY--GEOGRAPHIC NAME | |
| Geographic name | United Kingdom |
| 690 ## - BROAD SUBJECT | |
| Broad subject | Sustainability |
| 9 (RLIN) | 6271 |
| 690 ## - BROAD SUBJECT | |
| Broad subject | Investments |
| 9 (RLIN) | 6250 |
| 700 1# - ADDED PERSONAL NAME | |
| Added personal author | Orr, Allison |
| 856 40 - ONLINE RESOURCE | |
| Uniform Resource Identifier | <a href="https://www.isurv.com/downloads/download/2232/changing_priorities_in_investor_decision-making_the_sustainability_agenda">https://www.isurv.com/downloads/download/2232/changing_priorities_in_investor_decision-making_the_sustainability_agenda</a> |
| Public note | Archived on isurv (subscription required) |
| 942 ## - ADDED ENTRY ELEMENTS (KOHA) | |
| Suppress in OPAC | Do not suppress in OPAC |
| Lost status | Damaged status | Not for loan | Home library | Current library | Shelving location | Date acquired | Total Checkouts | Full call number | Date last seen | Copy number | Price effective from | Koha item type |
|---|---|---|---|---|---|---|---|---|---|---|---|---|
| Virtual | Virtual | Online | 05/09/2018 | isurv | 31/12/2024 | 1 | 06/08/2019 | Online material |